|
|
|
|
| LEADER |
00868nam a22002412a 4500 |
| 001 |
000227552 |
| 003 |
CZ BrMZK |
| 005 |
20170320141220.0 |
| 008 |
010907s1984 xr f cze d |
| 040 |
|
|
|a BOA001
|b cze
|c BOA001
|
| 072 |
|
7 |
|a 618
|x Gynekologie. Porodnictví
|2 Konspekt
|9 14
|
| 080 |
|
|
|a 618.3-008
|2 MRF
|
| 080 |
|
|
|a (041)
|2 MRF
|
| 100 |
1 |
|
|a Štembera, Zdeněk,
|d 1920-2018
|7 jk01131234
|4 aut
|
| 245 |
1 |
0 |
|a Co má vědět těhotná žena o takzvaném ohroženém těhotenství :
|b stručné pokyny /
|c Zdeněk K. Štembera
|
| 250 |
|
|
|a 3. vyd.
|
| 260 |
|
|
|a Praha :
|b Ústav zdravotní výchovy,
|c 1984
|
| 300 |
|
|
|a 3 s.
|
| 650 |
0 |
7 |
|a rizikové těhotenství
|7 ph138611
|2 czenas
|
| 655 |
|
7 |
|a brožury
|7 fd131925
|2 czenas
|
| 910 |
|
|
|a BOA001
|b X-0883.738
|
| 990 |
|
|
|a BK
|
| 996 |
6 |
|
|b 2619909765
|c X-0883.738
|l MZK
|r Sklad / do 24 hodin
|n 14
|w 000227552
|u 000010
|a 1
|e BOA001
|j MZK50
|s P
|